| 000 | 00870nam0a2200289 4500 | ||
|---|---|---|---|
| 001 | RU\NLR\bibl\464106 | ||
| 005 | 20250623184700.0 | ||
| 010 |
_a5-05-005673-X _955000 |
||
| 021 |
_aRU _b2003-43693 _92082 |
||
| 035 | _a(NLR Aleph) 000457487 | ||
| 090 |
_a912733 _c912733 |
||
| 100 | _a20031124d2003 |||y0rusy50 ca | ||
| 101 | 1 |
_arus _ceng |
|
| 102 | _aRU | ||
| 105 | _ay ||||||||| | ||
| 200 | 1 |
_aПредложение плейбоя _eРоман _fМиранда Ли _gПер. с англ. [Г. Ежовой] |
|
| 210 |
_aМ. _cРадуга _d2003 |
||
| 215 |
_a174,[1] с. _d17 |
||
| 225 | 1 |
_aЛюбовный роман _v796 |
|
| 686 | _aШ6(82)67-440.4{Лх3018-50} | ||
| 700 | 1 |
_aЛи _bМ. _gМиранда _4070 |
|
| 801 | 0 |
_aRU _bNLR _c20031124 _gPSBO |
|
| 801 | 1 |
_aRU _bNLR _c20031124 |
|
| 942 | _cBOOK | ||
| 980 | _aNB | ||